|
|
|
|
| LEADER |
00000nac a22000007a 4500 |
| 003 |
Ucuenca |
| 005 |
20231110062818.0 |
| 008 |
181019b1956 ec ||||| |||| 00| 0 spa d |
| 040 |
|
|
|b spa
|
| 041 |
0 |
|
|a es
|
| 082 |
0 |
|
|a E861.4
|
| 100 |
1 |
|
|a Carrión, Benjamín.
|d 1897-1979
|9 6708
|
| 245 |
|
|
|a Santa Gabriela Mistral (ensayos)
|c Benjamin Carrión
|h imp
|
| 264 |
|
|
|a Quito
|b Casa de la Cultura Ecuatoriana
|c 1956
|
| 300 |
|
|
|a 339 páginas:
|c 21 cm
|
| 490 |
|
|
|a Los santos del espíritu
|
| 505 |
1 |
|
|a En el principio fue el dolor -- Madre de todos los niños del mundo -- El verso perfecto -- La letra y la ternura -- Madre y maestra -- El hombre y su justicia -- El mundo cuando conocí a Gabriela -- Me vería en el rostro -- etc.
|
| 520 |
3 |
|
|a Esta nueva y esperada obra de Benjamín Carrión es la exaltación de una mujer ejemplar de América: maestra humilde, "madre de todos los niños del mundo", defensora de la paz y la fraternidad, escritora. No se trata de un frío análisis de su obra literaria, sino de la interpretación de todo cuanto constituye su pasión, su ambiente, las vicisitudes de su experiencia.
|
| 650 |
|
0 |
|a Literatura ecuatoriana
|9 307
|
| 650 |
|
0 |
|9 25005
|a Ensayos
|
| 942 |
|
|
|2 ddc
|c CR
|z ivan.verdugo@ucuenca.edu.ec
|
| 999 |
|
|
|c 155640
|d 155640
|